000 01255nam a2200277 i 4500
001 21819
003 ES-MaACL
005 20260216063016.0
007 t|
008 021128q1880 sp |||| | spa d
100 0 _aAlbacete, Salvador de
_919212
245 1 0 _aDiscurso pronunciado por el Señor Don Salvador de Albacete, ex-ministro de Ultramar del Gabinete del Excmo. Sr. D. Arsenio Martínez Campos, en las sesiones del Congreso de los días 13 y 14 de febrero, sobre las reformas de Cuba.
260 _a[Madrid :
_bs.n.,
_c1880?] (
_fImp. de Manuel Pérez Montoya y Cía.)
300 _a16 p. ;
_c31 cm.
530 _aDisponible en formato digital.
594 _aTít. tomado de la cabecera del texto; precede al tít.: Documento parlamentario.
595 _aSuplemento al n. 378 de El Siglo.
597 _aTexto a dos columnas.
651 4 _aCuba-
_zSituación económica-
_yS.XIX.
_9167680
651 4 _aCuba-
_xHistoria-
_y1878-1895.
_98095
651 4 _aEspaña-
_xHistoria-
_y1874-1885, Alfonso XII.
_98265
710 1 _aEspaña.
_bCortes Generales.
_bCongreso.
_93671
852 _aES-MaACL
_jT-327-F-14
856 _uhttp://bdh-rd.bne.es/viewer.vm?id=0000077707&page=1
_zBiblioteca Digital Hispánica
999 _c21819
_d21819